000
00337nam a22001457a 4500
008
230329b ||||| |||| 00| 0 eng d
020
_a
9780205380787
041
_a
eng
080
_2
FIFTH EDITION
_a
37
082
_a
37GAL
100
_a
22
101
_a
EDUKIM
245
_a
APPLYING EDUCATIONAL RESEARCH
_c
GALL.P.J
942
_2
udc
_c
BK
999
_c
59472
_d
59472